000 00446nam a2200157 4500
008 251216b |||||||| |||| 00| 0 eng d
020 _a9781398618701
082 _a658.6 RIC
100 _aRichards Gwynne,
245 _aWarehouse Management: The Definitive Guide to Improving Efficiency and Minimizing Costs in the Modern Warehouse
250 _a5th
260 _aNew York
_bKogan page
_c2025
300 _a589
650 _aMBA
942 _cR
999 _c64827
_d64827